| 000 | 01677nam a22002057a 4500 | ||
|---|---|---|---|
| 999 |
_c13644 _d13644 |
||
| 003 | AR-CdUCM | ||
| 008 | 190327b ||||| |||| 00| 0 spa d | ||
| 040 |
_aMUNICIPALIDAD PROVINCIAL DEL CUSCO _cBIBLIOTECA MUNICIPAL DEL CUSCO |
||
| 082 |
_a030 / _bE86 |
||
| 110 |
_aEspasa Calpe _918256 |
||
| 245 |
_aEnciclopedia Universal Ilustrada : _bEuropeo Americana Etimologías / |
||
| 260 |
_aMadrid : _bEspasa Calpe, |
||
| 300 |
_a11 tomos ; _bilustraciones, mapas, _c25 cm. |
||
| 505 | _aContenido: t.1: A - Bech (apéndice) -- t.2: Bed - Ceq (apéndice) -- t.2: Ace - Adzy Guerei -- t.3: Cer - Dem (apéndice) -- t.3: Ae - Ala kul -- t.4: Den - Ezt (apéndice) -- t.4: Alaminos - Ally -- t.5: F - Hok (apéndice) -- t.5: A.M - Archura -- t.6: Hol - March (apéndice) -- t.6: Ard - Azzuri -- t.7: B- Bell -- t.9: Bong - BZ-- t.10: A - Acdestis - t:10: C- Canaj -- t.11: Canal - Carz -- t.12: Cas - CG -- t.13: Ci - Coldwell -- t.13: Bem - Bon -- t.14: Cole - Constantza -- t.15: Constanza - Crates -- t.16: Crea - Chargra -- t.17: Chari - Dellwig -- t.18: Dis - Eczematoso -- t.19: Ech - Enr -- t.20: Enriada - Espanuido -- t.21: España -- t.22: España - Ezzo -- t.23: Fabiola - Flamez -- Flami - Fuh -- t.25: Fui - Gibs -. t.26: Gic - Guaz -- t.27: Gub - Hnosa -- t.28: Hobbes - Insustituible (primera parte) -- t.28: Int - Kz (segunda parte) -- t.49: R - Reez -- t.50: Ref - Reuz -- t.51: Rev - Rom -- t.52: Roma - Saint -- t.53: Sainte - Sta. Cruz -- t.54: Santa - Selh -- t.70: Weg - Zz. | ||
| 650 |
_aEnciclopedia Universal _918257 |
||
| 650 |
_aEnciclopedia europeo americana _932138 |
||
| 650 |
_aEtimologias _932139 |
||
| 942 |
_2ddc _cLIBROS |
||
| 945 |
_adavv _d2019-05-14 |
||